The practice of entrepreneurship in Nigeria / (Record no. 5240)
[ view plain ]
| 000 -LEADER | |
|---|---|
| fixed length control field | 01044nam a2200157 a 4500 |
| 020 ## - INTERNATIONAL STANDARD BOOK NUMBER | |
| ISBN | 9781752270 |
| 050 00 - CALL NUMBER | |
| Classification number | HD2346.N5 |
| Item number | N94 |
| 100 1# - AUTHOR | |
| Personal name | Nwachukwu, Celestine C. |
| 245 14 - TITLE | |
| Title | The practice of entrepreneurship in Nigeria / |
| Statement of responsibility, etc | Celestine C. Nwachukwu. |
| 260 ## - PUBLICATION INFORMATION | |
| Place of publication | Onitsha, Nigeria : |
| Name of publisher | Africana-FEP Publishers, |
| Year of publication | 1990. |
| 300 ## - DESCRIPTION | |
| Number of Pages | viii, 224 p. : |
| Other physical details | ill. ; |
| Dimensions | 21 cm. |
| 505 ## - FORMATTED CONTENTS NOTE | |
| Table of Content | 1. Entrepreneurs<br/>2. Nigerian entrepreneurs<br/>3. Dangers of business failure<br/>4. The choice of business failure<br/>5. Preparation of business plan<br/>6. Legal environment in business ownership<br/>7. Leadership role of an entrepreneur as a chief<br/>8. Starting the business<br/>9. Forms of business ownership<br/>10. Financing the business<br/>11. Operating the business<br/>12. Production planning<br/>13. Management: key to successful entrepreneurship<br/>14. Human resource management<br/>15. Maintaining financial health<br/>16. Insurance and entrepreneurship<br/>17. Social responsibilities of the entrepreneur |
| 650 #0 - SUBJECTS | |
| Topical Term | Entrepreneurship |
| 650 #0 - SUBJECTS | |
| Topical Term | Small business |
| General subdivision | Management. |
| 942 ## - ADDED ENTRY ELEMENTS (KOHA) | |
| Koha item type | Books |
| Withdrawn status | Lost status | Collection code | Home library | Current library | Shelving location | Date acquired | Full call number | Accession Number | Koha item type |
|---|---|---|---|---|---|---|---|---|---|
| Reference | Methodist University Library Main | Methodist University Library Main | General Stacks | 18/06/2019 | HD2346.N5 N94 | 23319 | Books | ||
| Reference | Methodist University Library Main | Methodist University Library Main | General Stacks | 18/06/2019 | HD2346.N5 N94 | 22583 | Books |